00294nam a2200097 a 450000500170000000800410001705000180005810000200007624500580009626000420015420140414131855.0100901s19uu xx 00 eng d aFILbB17 2001 aCanon, Kristine aBakit matagal ang sundo ko? :bWhy is my mommy late?. aManila, Philippines :bAdarna,c2001.